000 00670nam a2200265Ia 4500
003 OSt
005 20220912151743.0
006 a|||||r|||| 00| 0
007 ta
008 220909b |||||||| |||| 00| 0 eng d
024 _a46696
037 _cTextual
040 _aCSL
_beng
_cCSL
041 _aeng
082 _aH.44g1L, M3
100 _aThakur V C Ed.
245 0 _aGeology of indus suture zone of Ladakh
260 _aDehardun
_c1983
300 _a205p.
_ccm.
650 _a Asian geology
650 _aGeology
700 _a Sharma K K Ed.
942 _hH.44g1L, M3
_cTEXL
_2CC
999 _c74574
_d74574